[Event "Top16 Mulhouse2"]
[Site "Mulhouse"]
[Date "2009.04.30"]
[Round "4.3"]
[White "Karr, Jean-Philippe"]
[Black "Marcelin, Cyril"]
[Result "0-1"]
[WhiteElo "2388"]
[BlackElo "2495"]
[PlyCount "96"]
[EventDate "30.??.??"]
[WhiteTeam "Drancy"]
[BlackTeam "Noyon"]

1. d4 d5 2. c4 e6 3. Nc3 Nf6 4. cxd5 exd5 5. Bg5 c6 6. e3 Be7 7. Bd3 Bg4 8.
Nge2 Ne4 9. Bf4 Ng5 10. f3 Bh5 11. Ng3 Bg6 12. Nf5 Ne6 13. Be5 Nd7 14. Nd6+ Kf8
15. Bg3 Bxd3 16. Qxd3 Ndc5 17. dxc5 Nxc5 18. Qd2 Bxd6 19. Bxd6+ Qxd6 20. O-O
Rd8 21. Rad1 h5 22. Qd4 b6 23. e4 Ne6 24. Qa4 Qc5+ 25. Kh1 d4 26. Ne2 b5 27.
Qa5 Qb6 28. Qa3+ b4 29. Qd3 h4 30. Qc4 Rh5 31. f4 Qb5 32. Qxb5 Rxb5 33. f5 d3
34. fxe6 dxe2 35. Rxd8+ Ke7 36. Re1 Kxd8 37. exf7 Ke7 38. Rxe2 Kxf7 39. Kg1 Ra5
40. b3 Rc5 41. Kf2 Rc3 42. Ke1 Ke6 43. Kd2 Ke5 44. Rf2 a6 45. Rf7 h3 46. g3 g5
47. Rh7 c5 48. Rxh3 a5 0-1

[Event "Top16 Mulhouse2"]
[Site "Mulhouse"]
[Date "2009.04.30"]
[Round "4.4"]
[White "Magem Badals, Jordi"]
[Black "Legky, Nikolay A"]
[Result "1/2-1/2"]
[WhiteElo "2531"]
[BlackElo "2468"]
[PlyCount "42"]
[EventDate "30.??.??"]
[WhiteTeam "Noyon"]
[BlackTeam "Drancy"]

1. e4 e6 2. d4 d5 3. Nc3 Bb4 4. e5 c5 5. a3 Bxc3+ 6. bxc3 Qa5 7. Bd2 Qa4 8. Qg4
Kf8 9. Qd1 b6 10. c4 Nd7 11. Nf3 Ba6 12. cxd5 Bxf1 13. Kxf1 Qc4+ 14. Kg1 Qxd5
15. Qe2 Ne7 16. c4 Qc6 17. h4 h6 18. h5 Nf5 19. dxc5 Nxc5 20. g4 Ne7 21. Rd1
Qe4 1/2-1/2

[Event "Top16 Mulhouse2"]
[Site "Mulhouse"]
[Date "2009.04.30"]
[Round "4.6"]
[White "Nguyen, Chi-Minh"]
[Black "Berthelot, Yannick"]
[Result "0-1"]
[WhiteElo "2439"]
[BlackElo "2324"]
[PlyCount "53"]
[EventDate "30.??.??"]
[WhiteTeam "Noyon"]
[BlackTeam "Drancy"]

1. d4 Nf6 2. c4 g6 3. Nc3 d5 4. Nf3 Bg7 5. cxd5 Nxd5 6. Bd2 Nb6 7. Rc1 O-O 8.
e3 N8d7 9. a4 a5 10. e4 c6 11. Be3 Nb8 12. h3 Na6 13. Be2 Nb4 14. O-O Be6 15.
b3 f5 16. Ng5 Bc8 17. d5 cxd5 18. Bxb6 Qxb6 19. Nxd5 Nxd5 20. Bc4 h6 21. Qxd5+
Kh8 22. Nf3 fxe4 23. Qxe4 Bf5 24. Qe2 e5 25. g4 e4 26. gxf5 exf3 27. Qe4 {
suite illisible des 2 JOUEURS} 0-1

[Event "Top16 Mulhouse2"]
[Site "Mulhouse"]
[Date "2009.04.30"]
[Round "4.7"]
[White "Giffard, Nicolas"]
[Black "Aguettaz, Maxime"]
[Result "0-1"]
[WhiteElo "2377"]
[BlackElo "2396"]
[PlyCount "116"]
[EventDate "30.??.??"]
[WhiteTeam "Drancy"]
[BlackTeam "Noyon"]

1. d4 g6 2. c4 Bg7 3. e4 d6 4. Nc3 Nf6 5. f3 O-O 6. Be3 e5 7. d5 Nh5 8. c5 f5
9. cxd6 cxd6 10. Qb3 Nd7 11. O-O-O b6 12. Qa3 Nc5 13. b4 Nb7 14. Ba6 Na5 15.
Bd3 Nb7 16. g3 a5 17. b5 f4 18. gxf4 Nxf4 19. Bf1 Nc5 20. Kb1 Bd7 21. Bxc5 bxc5
22. Ka1 a4 23. Nge2 Qa5 24. Nc1 Rfb8 25. h3 Bf6 26. Rh2 Rb7 27. Rdd2 Bh4 28.
Rb2 Bg3 29. Rhc2 Bxh3 30. Bc4 Bd7 31. Nd1 h5 32. Ne3 Qe1 33. Rb1 Qa5 34. Bf1 h4
35. Nc4 Qc7 36. b6 Qb8 37. Qe3 a3 38. Rc3 h3 39. Qd2 h2 40. Bg2 Bh3 41. Bh1 Ra4
42. Ne2 Nxe2 43. Qxe2 Bf4 44. Rbb3 Qd8 45. Rxa3 Rxa3 46. Rxa3 Qg5 47. Rd3 Qg1+
48. Rd1 Bd7 49. Qf1 Bb5 50. Qxg1 hxg1=Q 51. Rxg1 Bxc4 52. Rxg6+ Kf8 53. Rxd6
Be3 54. Rc6 Bd4+ 55. Kb1 Bd3+ 56. Kc1 c4 57. f4 Bxb6 58. Kd2 Bd4 0-1

[Event "Top16 Mulhouse2"]
[Site "Mulhouse"]
[Date "2009.04.30"]
[Round "4.8"]
[White "Assad, Karine"]
[Black "Lefevre, Margaux"]
[Result "1-0"]
[WhiteElo "2037"]
[BlackElo "2021"]
[PlyCount "123"]
[EventDate "30.??.??"]
[WhiteTeam "Noyon"]
[BlackTeam "Drancy"]

1. d4 Nf6 2. c4 c5 3. d5 b5 4. cxb5 a6 5. bxa6 Bxa6 6. Nc3 g6 7. Nf3 d6 8. g3
Bg7 9. Bg2 O-O 10. O-O Nbd7 11. Rb1 Qa5 12. Qc2 Rfb8 13. Rd1 Ng4 14. Bg5 Nde5
15. Nd2 Ra7 16. h3 Nf6 17. Nb3 Qc7 18. Nd2 h6 19. Be3 Rab7 20. f4 Ned7 21. b3
Qa5 22. Rbc1 Ne8 23. Nc4 Bxc4 24. bxc4 Rb4 25. Nb5 Nb6 26. Bd2 Nxc4 27. Bxb4
Qxb4 28. Qxc4 Qxc4 29. Rxc4 Rxb5 30. e3 Nc7 31. Be4 Ra5 32. a4 Na6 33. Rb1 Nb4
34. Rbxb4 cxb4 35. Rxb4 Bc3 36. Rc4 Rc5 37. Rxc5 dxc5 38. Bd3 Kf8 39. Kf1 Ke8
40. Bb5+ Kd8 41. Ke2 f6 42. Bd3 g5 43. Kf3 h5 44. Bg6 h4 45. gxh4 gxh4 46. Bd3
Kc7 47. Kg4 Be1 48. Kf5 Bd2 49. e4 Kd6 50. Bc4 Bc3 51. Bb3 Kd7 52. e5 fxe5 53.
fxe5 Bd2 54. Bc4 Be1 55. Bb5+ Kc7 56. Ke6 Bg3 57. a5 Bf4 58. a6 Bg5 59. d6+
exd6 60. exd6+ Kc8 61. Bc6 Kb8 62. Bd5 1-0

[Event "Top16 Mulhouse2"]
[Site "Mulhouse"]
[Date "2009.04.30"]
[Round "4.1"]
[White "Sokolov, Andrei"]
[Black "Delchev, Aleksander"]
[Result "1/2-1/2"]
[WhiteElo "2558"]
[BlackElo "2648"]
[PlyCount "35"]
[EventDate "30.??.??"]
[WhiteTeam "Mulhouse Philidor"]
[BlackTeam "Marseille Echecs"]

1. e4 (1. c4) 1... e5 2. Nf3 Nc6 3. Bb5 Nf6 4. O-O Bc5 5. Nxe5 Nxe4 6. Qe2 Nxe5
7. Qxe4 Qe7 8. d4 Nc6 9. Qxe7+ Bxe7 10. c3 d5 11. Bf4 Kd8 12. Re1 Be6 13. Nd2
a6 14. Bxc6 bxc6 15. Nf3 Kc8 16. Ne5 Bd6 17. Re3 Bxe5 18. Bxe5 1/2-1/2

[Event "Top16 Mulhouse2"]
[Site "Mulhouse"]
[Date "2009.04.30"]
[Round "4.2"]
[White "Bartel, Mateusz"]
[Black "Navara, David"]
[Result "0-1"]
[WhiteElo "2601"]
[BlackElo "2654"]
[PlyCount "88"]
[EventDate "30.??.??"]
[WhiteTeam "Marseille Echecs"]
[BlackTeam "Mulhouse Philidor"]

1. e4 c5 2. Nf3 d6 3. d4 cxd4 4. Nxd4 Nf6 5. Nc3 e6 6. g3 Be7 7. Bg2 O-O 8. O-O
Nc6 9. Nb3 Qc7 10. a4 b6 11. Nb5 Qd7 12. g4 a6 13. N5d4 Nxd4 14. Nxd4 Bb7 15.
Re1 g6 16. h3 e5 17. Nb3 Bc6 18. a5 b5 19. f4 Qb7 20. Qe2 exf4 21. Bxf4 Nd7 22.
Nd4 Ne5 23. Nf3 Rfe8 24. g5 Nxf3+ 25. Qxf3 Bf8 26. Rad1 Re6 27. Qg3 Rd8 28. e5
Bxg2 29. Qxg2 Qe7 30. Rd5 Re8 31. Re4 Qb7 32. Re2 Qb8 33. Qh2 Qd8 34. Bd2 Qa8
35. Qg2 dxe5 36. Qe4 Rc8 37. Rxe5 Rxe5 38. Qxe5 Rxc2 39. Bc3 Bc5+ 40. Kh2 Bd6
41. Rxc2 Qd5 42. Re2 b4 43. Qxd6 Qxd6+ 44. Be5 Qe7 0-1

[Event "Top16 Mulhouse2"]
[Site "Mulhouse"]
[Date "2009.04.30"]
[Round "4.4"]
[White "Gozzoli, Yannick"]
[Black "Abergel, Thal"]
[Result "1/2-1/2"]
[WhiteElo "2499"]
[BlackElo "2497"]
[PlyCount "131"]
[EventDate "30.??.??"]
[WhiteTeam "Marseille Echecs"]
[BlackTeam "Mulhouse Philidor"]

1. d4 d5 2. c4 c6 3. Nc3 Nf6 4. Nf3 a6 5. a4 e6 6. g3 c5 7. cxd5 cxd4 8. Nxd4
Nxd5 9. Bg2 Nxc3 10. bxc3 e5 11. Nb3 Qxd1+ 12. Kxd1 Nc6 13. Ba3 Be6 14. Nc5
O-O-O+ 15. Kc2 Bc4 16. Nd3 Bxa3 17. Rxa3 Na5 18. Rb1 Rhe8 19. Be4 Kc7 20. Rb4
Rd6 21. Ra1 g6 22. g4 f6 23. h4 b6 24. h5 Bd5 25. hxg6 Nc6 26. Bxd5 Rxd5 27.
Rc4 hxg6 28. Nb4 Rd6 29. Rd1 Ree6 30. Nxa6+ Kb7 31. Rxd6 Rxd6 32. Nb4 Nd8 33.
Nd3 Ne6 34. e3 Rd8 35. f4 exf4 36. exf4 f5 37. g5 Rd5 38. Rb4 Ka6 39. Rc4 Kb7
40. Rb4 Ka6 41. Rb1 Rd6 42. Re1 Ka7 43. Rh1 Ka6 44. Rh6 b5 45. Rxg6 Nd4+ 46.
cxd4 Rxg6 47. Ne5 Rg8 48. axb5+ Kxb5 49. Kd3 Ra8 50. Nc4 Rd8 51. Ne3 Rf8 52. g6
Rg8 53. Nxf5 Rxg6 54. Ke4 Rg1 55. Kd5 Rf1 56. Nd6+ Kb6 57. f5 Kc7 58. Ke5 Kd7
59. Ne4 Ke7 60. d5 Re1 61. f6+ Kf7 62. d6 Rd1 63. Ng5+ Kg6 64. Ne4 Kf7 65. Ng5+
Kg6 66. Ne4 1/2-1/2

[Event "Top16 Mulhouse2"]
[Site "Mulhouse"]
[Date "2009.04.30"]
[Round "4.5"]
[White "Vovk, Yuri"]
[Black "Jedynak, Radoslaw"]
[Result "0-1"]
[WhiteElo "2575"]
[BlackElo "2497"]
[PlyCount "74"]
[EventDate "30.??.??"]
[WhiteTeam "Mulhouse Philidor"]
[BlackTeam "Marseille Echecs"]

1. e4 e6 2. d4 d5 3. Nc3 Bb4 4. e5 c5 5. a3 Bxc3+ 6. bxc3 Ne7 7. Qg4 Kf8 8. Nf3
Qa5 9. Bd2 Qa4 10. Ra2 b6 11. h3 Nd7 12. dxc5 Qxg4 13. hxg4 Nxc5 14. Be3 Bd7
15. Bd3 Rc8 16. Bxh7 Ne4 17. Ng5 Rxc3 18. Nxe4 dxe4 19. Kd2 Rc4 20. g3 Ng6 21.
g5 Ke7 22. Raa1 Rhc8 23. Bxg6 Rxc2+ 24. Ke1 fxg6 25. Rh4 Bc6 26. Kf1 Bd5 27.
Kg1 b5 28. Kh2 a5 29. Bb6 Rc1 30. Rxc1 Rxc1 31. Be3 Rc8 32. Bd2 b4 33. axb4 Rc2
34. Be3 axb4 35. Rh8 b3 36. Rb8 b2 37. Bd4 e3 0-1

[Event "Top16 Mulhouse2"]
[Site "Mulhouse"]
[Date "2009.04.30"]
[Round "4.6"]
[White "Nataf, Igor-Alexandre"]
[Black "Wirig, Anthony"]
[Result "1/2-1/2"]
[WhiteElo "2533"]
[BlackElo "2472"]
[PlyCount "98"]
[EventDate "30.??.??"]
[WhiteTeam "Marseille Echecs"]
[BlackTeam "Mulhouse Philidor"]

1. e4 g6 2. d4 Bg7 3. Nc3 c6 4. Bc4 b5 5. Bb3 a5 6. a3 d6 7. Qf3 e6 8. Nge2 Ba6
9. d5 cxd5 10. exd5 e5 11. Ne4 h6 12. g4 Nf6 13. N2g3 Nxe4 14. Nxe4 Qe7 15. Bd2
Bc8 16. Rg1 Nd7 17. Qe2 O-O 18. g5 h5 19. Qxb5 Nc5 20. Nxc5 dxc5 21. Be3 Bg4
22. Bxc5 Qd8 23. Bxf8 Bxf8 24. Rxg4 hxg4 25. O-O-O Bd6 26. Kb1 Qxg5 27. Ka2 Kg7
28. c4 Qe7 29. Qc6 Rd8 30. Qb6 Bc5 31. Qxa5 Bxf2 32. Qd2 Bd4 33. Qe2 Qg5 34.
Ba4 f5 35. Bc6 f4 36. a4 g3 37. hxg3 fxg3 38. Rd2 Qf5 39. Rxd4 exd4 40. Qe7+
Qf7 41. Qxd8 g2 42. Qg5 Qf2 43. Qe5+ Kh7 44. Qc7+ Kh6 45. Qh2+ Kg7 46. Qe5+ Kh7
47. Qc7+ Kh6 48. Qh2+ Kg7 49. Qe5+ Kh7 1/2-1/2

[Event "Top16 Mulhouse2"]
[Site "Mulhouse"]
[Date "2009.04.30"]
[Round "4.7"]
[White "Fargere, Francois"]
[Black "Marzolo, Cyril"]
[Result "1/2-1/2"]
[WhiteElo "2459"]
[BlackElo "2476"]
[PlyCount "41"]
[EventDate "30.??.??"]
[WhiteTeam "Mulhouse Philidor"]
[BlackTeam "Marseille Echecs"]

1. e4 e6 2. d4 d5 3. Nd2 c5 4. exd5 Qxd5 5. Ngf3 cxd4 6. Bc4 Qd6 7. O-O Nc6 8.
Nb3 Nf6 9. Nbxd4 Nxd4 10. Nxd4 a6 11. Bb3 Bd7 12. c3 Qc7 13. Bg5 O-O-O 14. Bxf6
gxf6 15. Qh5 Be8 16. Rad1 Kb8 17. Rfe1 Rc8 18. Qh4 Be7 19. Qh6 Bd7 20. Qh5 Be8
21. Qh4 1/2-1/2

[Event "Top16 Mulhouse2"]
[Site "Mulhouse"]
[Date "2009.04.30"]
[Round "4.8"]
[White "Delorme, Laurie"]
[Black "Muller, Anne"]
[Result "1/2-1/2"]
[WhiteElo "2177"]
[BlackElo "2163"]
[PlyCount "131"]
[EventDate "30.??.??"]
[WhiteTeam "Marseille Echecs"]
[BlackTeam "Mulhouse Philidor"]

1. d4 Nf6 2. c4 e6 3. Nf3 Bb4+ 4. Bd2 Qe7 5. g3 Nc6 6. Bg2 Bxd2+ 7. Qxd2 Ne4 8.
Qc2 Qb4+ 9. Nc3 Nxc3 10. Qxc3 Qxc3+ 11. bxc3 d6 12. O-O O-O 13. Nd2 Na5 14. c5
Rb8 15. Nb3 Nc4 16. Rfd1 Bd7 17. e3 Ba4 18. Bf1 d5 19. Rdc1 Na3 20. Bd3 b6 21.
cxb6 Rxb6 22. Nc5 Bb5 23. Bc2 Rd8 24. Bb3 g6 25. Re1 Bc4 26. Rac1 Kg7 27. Kg2
h5 28. h4 Bb5 29. Red1 Be2 30. Rd2 Bb5 31. Rdd1 Be2 32. Re1 Bb5 33. Rcd1 Bc4
34. Rd2 Bb5 35. Rdd1 Bc4 36. Kg1 Bb5 37. Kh2 Bc4 38. Kh3 Bb5 39. Rd2 Bc4 40.
Kh2 Bb5 41. Rdd1 Bc4 42. Rc1 Bb5 43. e4 dxe4 44. Rxe4 Nc4 45. a4 Nd2 46. axb5
Nxe4 47. Nxe4 Rxb5 48. Nc5 Rdb8 49. Bc4 Rb1 50. Rxb1 Rxb1 51. Kg2 a5 52. Kf3
Rc1 53. Na4 Ra1 54. Bb3 Ra3 55. Bd1 Ra1 56. Ke2 Ra2+ 57. Ke3 Kf6 58. Bb3 Ra1
59. Bc2 Re1+ 60. Kd2 Rf1 61. Ke2 Rc1 62. Bd1 Kf5 63. Kd2 Ra1 64. f3 Kf6 65. Nc5
Ke7 66. Nb3 1/2-1/2

[Event "Top16 Mulhouse2"]
[Site "Mulhouse"]
[Date "2009.04.30"]
[Round "4.2"]
[White "Shirazi, Kamran"]
[Black "Fedorchuk, Sergey A"]
[Result "0-1"]
[WhiteElo "2404"]
[BlackElo "2656"]
[PlyCount "30"]
[EventDate "30.??.??"]
[WhiteTeam "Lutèce Echecs"]
[BlackTeam "Evry Grand Roque"]

1. Nf3 Nf6 2. g3 b5 3. Bg2 Bb7 4. O-O e6 5. d3 d6 6. c4 bxc4 7. Qa4+ Nbd7 8.
Qxc4 c5 9. a4 Rb8 10. a5 Be7 11. Nc3 O-O 12. Qa4 Ba6 13. Qc2 h6 14. Nd2 Qc7 15.
Na2 Rfc8 {partie totalement illisible !} 0-1

[Event "Top16 Mulhouse2"]
[Site "Mulhouse"]
[Date "2009.04.30"]
[Round "4.5"]
[White "Feller, Sebastien"]
[Black "Babault, Patrice"]
[Result "1/2-1/2"]
[WhiteElo "2539"]
[BlackElo "2348"]
[PlyCount "84"]
[EventDate "30.??.??"]
[WhiteTeam "Evry Grand Roque"]
[BlackTeam "Lutèce Echecs"]

1. d4 d5 2. Nf3 Nf6 3. Bf4 c5 4. e3 Nc6 5. c3 Qb6 6. Qb3 c4 7. Qc2 Bf5 8. Qc1
e6 9. Nbd2 Be7 10. Be2 O-O 11. O-O Qd8 12. Bd1 Bd3 13. Re1 Ne4 14. Bc2 Bxc2 15.
Qxc2 f5 16. b3 g5 17. Bg3 Nxg3 18. hxg3 g4 19. Nh2 b5 20. f3 Bd6 21. Ndf1 Qc7
22. bxc4 bxc4 23. fxg4 Bxg3 24. Nxg3 Qxg3 25. Qe2 Rf7 26. Rf1 Raf8 27. Rf3 Qd6
28. Raf1 Ne7 29. gxf5 exf5 30. Qf2 Qe6 31. Rg3+ Ng6 32. Nf3 f4 33. exf4 Rxf4
34. Re1 Qf6 35. Qe3 Re4 36. Qd2 Rxe1+ 37. Qxe1 Kh8 38. Rg5 Qd6 39. Ne5 Nf4 40.
Qh4 Qf6 41. Kh2 Nxg2 42. Kxg2 Qf1+ 1/2-1/2

[Event "Top16 Mulhouse2"]
[Site "Mulhouse"]
[Date "2009.04.30"]
[Round "4.6"]
[White "Carpentier, Pierre"]
[Black "Chabanon, Jean-Luc"]
[Result "0-1"]
[WhiteElo "2235"]
[BlackElo "2454"]
[PlyCount "100"]
[EventDate "30.??.??"]
[WhiteTeam "Lutèce Echecs"]
[BlackTeam "Evry Grand Roque"]

1. d4 Nf6 2. c4 e6 3. Nf3 c5 4. Nc3 cxd4 5. Nxd4 Bb4 6. Qc2 b6 7. a3 Bc5 8. Nb3
Be7 9. Bf4 O-O 10. e4 Nc6 11. Be2 a5 12. e5 Ne8 13. Nb5 f6 14. exf6 Bxf6 15.
Be3 a4 16. Nd2 Ba6 17. Qxa4 Bxb2 18. Ra2 Be5 19. Nf3 Bxb5 20. Qxb5 Bc3+ 21. Bd2
Nd4 22. Nxd4 Bxd4 23. O-O Nd6 24. Qh5 Rf5 25. Qh3 Qf6 26. Be3 Raa5 27. Rd2 e5
28. Bxd4 exd4 29. c5 bxc5 30. Rb2 Ra8 31. Bd3 Rxa3 32. Rb8+ Kf7 33. g4 Rg5 34.
f4 Rxd3 35. Qxd3 Rxg4+ 36. Kh1 Qe6 37. Qf3 Qe4 38. Qxe4 Nxe4 39. Rb7 Ke6 40. h3
Rg3 41. Kh2 Re3 42. f5+ Kd6 43. Rg1 Re2+ 44. Kh1 Nf2+ 45. Kg2 Nd3+ 46. Kf3 Re3+
47. Kg4 Nf2+ 48. Kh4 Rxh3+ 49. Kg5 d3 50. Kf4 d2 0-1

[Event "Top16 Mulhouse2"]
[Site "Mulhouse"]
[Date "2009.04.30"]
[Round "4.7"]
[White "Relange, Eloi"]
[Black "Lamorelle, Yves"]
[Result "1-0"]
[WhiteElo "2482"]
[BlackElo "2201"]
[PlyCount "55"]
[EventDate "30.??.??"]
[WhiteTeam "Evry Grand Roque"]
[BlackTeam "Lutèce Echecs"]

1. d4 Nf6 2. Nf3 g6 3. c4 Bg7 4. g3 O-O 5. Bg2 d6 6. O-O Nbd7 7. Nc3 e5 8. e4
exd4 9. Nxd4 Re8 10. h3 c6 11. Re1 a5 12. Be3 Nc5 13. Qc2 a4 14. Rad1 Qa5 15.
Bf4 Qb4 16. Bxd6 Qxc4 17. Bf1 Qb4 18. e5 Nfd7 19. Ne4 Bf8 20. Bc4 Bxd6 21. a3
Qxe1+ 22. Rxe1 Rxe5 23. Nf3 Nxe4 24. Rxe4 Raa5 25. Nxe5 Nxe5 26. Qc3 Rc5 27. f4
Nxc4 28. Re8+ 1-0

[Event "Top16 Mulhouse2"]
[Site "Mulhouse"]
[Date "2009.04.30"]
[Round "4.8"]
[White "Dacalor, Aurelie"]
[Black "Milliet, Sophie"]
[Result "0-1"]
[WhiteElo "2038"]
[BlackElo "2379"]
[PlyCount "82"]
[EventDate "30.??.??"]
[WhiteTeam "Lutèce Echecs"]
[BlackTeam "Evry Grand Roque"]

1. d4 Nf6 2. c4 c5 3. d5 b5 4. cxb5 a6 5. e3 axb5 6. Bxb5 Qa5+ 7. Nc3 Bb7 8.
Bc4 e6 9. Bd2 Qb6 10. e4 Nxe4 11. Nf3 Nf6 12. dxe6 fxe6 13. O-O Be7 14. a4 Nc6
15. Re1 O-O 16. Nb5 Nb4 17. Ra3 d5 18. Bf1 Ne4 19. Rb3 Rad8 20. g3 e5 21. Nxe5
Nxf2 22. Qh5 Nc2 23. Rf3 Nxe1 24. Bxe1 Rxf3 25. Nxf3 Ne4 26. a5 Qf6 27. Kg2 Rf8
28. Be2 d4 29. a6 g6 30. Qe5 Qxe5 31. Nxe5 Bxa6 32. Nxd4 Bxe2 33. Nxe2 Re8 34.
Nf4 Bf6 35. Ng4 Rb8 36. b4 cxb4 37. Nd5 Bc3 38. Bxc3 bxc3 39. Nge3 Ra8 40. Nb4
Kf7 41. Kf3 Nf6 0-1

[Event "Top16 Mulhouse2"]
[Site "Mulhouse"]
[Date "2009.05.01"]
[Round "5.2"]
[White "Sokolov, Andrei"]
[Black "Fressinet, Laurent"]
[Result "1/2-1/2"]
[WhiteElo "2558"]
[BlackElo "2664"]
[PlyCount "53"]
[EventDate "1.??.??"]
[WhiteTeam "Mulhouse Philidor"]
[BlackTeam "Clichy"]

1. e4 e5 2. Nf3 Nc6 3. Bb5 Nf6 4. O-O Nxe4 5. d4 Nd6 6. Bxc6 dxc6 7. dxe5 Nf5
8. Qxd8+ Kxd8 9. Nc3 Ke8 10. h3 b6 11. a3 Bb7 12. Rd1 Rc8 13. Bf4 c5 14. Nd5
Nd4 15. Nxd4 Bxd5 16. Nf5 Be6 17. g4 h5 18. Ne3 c4 19. Kg2 Bc5 20. Nf5 Rh7 21.
Kg3 g6 22. Nd4 Bd5 23. Bg5 hxg4 24. hxg4 Kd7 25. Bf6 Bxd4 26. Rxd4 Kc6 27. Rad1
1/2-1/2

[Event "Top16 Mulhouse2"]
[Site "Mulhouse"]
[Date "2009.05.01"]
[Round "5.4"]
[White "Riff, Jean-Noel"]
[Black "Pelletier, Yannick"]
[Result "1/2-1/2"]
[WhiteElo "2507"]
[BlackElo "2559"]
[PlyCount "25"]
[EventDate "1.??.??"]
[WhiteTeam "Mulhouse Philidor"]
[BlackTeam "Clichy"]

1. e4 d6 2. d4 Nf6 3. Nc3 e5 4. dxe5 dxe5 5. Qxd8+ Kxd8 6. Bg5 c6 7. f4 Nbd7 8.
Nf3 Bd6 9. O-O-O Kc7 10. Bxf6 gxf6 11. fxe5 Nxe5 12. Nd4 Bc5 13. Be2 1/2-1/2

[Event "Top16 Mulhouse2"]
[Site "Mulhouse"]
[Date "2009.05.01"]
[Round "5.5"]
[White "Tregubov, Pavel V"]
[Black "Vovk, Yuri"]
[Result "0-1"]
[WhiteElo "2628"]
[BlackElo "2575"]
[PlyCount "83"]
[EventDate "1.??.??"]
[WhiteTeam "Clichy"]
[BlackTeam "Mulhouse Philidor"]

1. d4 Nf6 2. c4 g6 3. g3 Bg7 4. Bg2 c5 5. Nf3 Qa5+ 6. Nc3 Ne4 7. Qd3 Nc6 8. O-O
Nxc3 9. bxc3 d6 10. Bd2 Qa4 11. dxc5 dxc5 12. Be3 Bf5 13. Qd5 Bxc3 14. Rac1 Bb2
15. Rce1 O-O 16. Qxc5 Qxa2 17. Bh6 Rfc8 18. Ng5 Bf6 19. e4 Ne5 20. Qb4 Bd7 21.
Nf3 Rxc4 22. Qxb7 Bc6 23. Qb1 Qxb1 24. Rxb1 Nxf3+ 25. Bxf3 Bxe4 26. Bxe4 Rxe4
27. Rb7 Bd4 28. Rd1 f6 29. Kg2 Bb6 30. Kf3 Re6 31. Rdd7 Kf7 32. Bf4 Ke8 33. Rd3
Rc8 34. h4 h5 35. Ra3 Kf7 36. Be3 Rc2 37. Rb8 Re5 38. Rb7 Rf5+ 39. Ke4 Bxe3 40.
fxe3 a5 41. Ra7 Rg2 42. Kd4 0-1

[Event "Top16 Mulhouse2"]
[Site "Mulhouse"]
[Date "2009.05.01"]
[Round "5.6"]
[White "Wirig, Anthony"]
[Black "Maze, Sebastien"]
[Result "0-1"]
[WhiteElo "2472"]
[BlackElo "2571"]
[PlyCount "109"]
[EventDate "1.??.??"]
[WhiteTeam "Mulhouse Philidor"]
[BlackTeam "Clichy"]

1. c4 Nf6 2. Nc3 g6 3. d4 c5 4. Nf3 Bg7 5. g3 O-O 6. Bg2 d5 7. dxc5 dxc4 8. Qa4
Nd5 9. O-O Nxc3 10. bxc3 Qd5 11. Nd4 Qxc5 12. Ba3 Qc7 13. Rab1 Bf6 14. Rb4 Nd7
15. Rxc4 Qd8 16. Qb3 Nb6 17. Rc5 e5 18. Rxc8 Rxc8 19. Nb5 a6 20. Rd1 axb5 21.
Rxd8 Rfxd8 22. Bxb7 Rc7 23. Be4 Nc4 24. Qxb5 Nxa3 25. Qa5 Rdc8 26. Qxa3 Be7 27.
Qa5 Rc5 28. Qa7 Kf8 29. a4 Rxc3 30. a5 Bc5 31. Qd7 Rc7 32. Qd5 Re7 33. a6 Kg7
34. Qd8 Ra3 35. Bb7 Ra1+ 36. Kg2 Ra2 37. Qd5 Ra5 38. Qc6 Re6 39. Qc7 Bb6 40.
Qc4 Rf6 41. e3 h5 42. h3 Rc5 43. Qa2 Ba7 44. g4 h4 45. Be4 Rb6 46. Qa4 Rcb5 47.
Bd3 Rb2 48. Qd7 Rf6 49. Qxa7 Rfxf2+ 50. Kg1 Rg2+ 51. Kf1 Rbf2+ 52. Ke1 Ra2 53.
Qb8 Ra1+ 54. Bb1 Rxb1+ 55. Qxb1 0-1

[Event "Top16 Mulhouse2"]
[Site "Mulhouse"]
[Date "2009.05.01"]
[Round "5.7"]
[White "Edouard, Romain"]
[Black "Fargere, Francois"]
[Result "1/2-1/2"]
[WhiteElo "2594"]
[BlackElo "2459"]
[PlyCount "83"]
[EventDate "1.??.??"]
[WhiteTeam "Clichy"]
[BlackTeam "Mulhouse Philidor"]

1. e4 c5 2. Nc3 a6 3. Nge2 d6 4. d4 cxd4 5. Nxd4 Nf6 6. Be3 e5 7. Nb3 Be6 8. f3
Be7 9. Qd2 O-O 10. O-O-O Nbd7 11. g4 b5 12. g5 b4 13. Ne2 Ne8 14. Ng3 a5 15.
Kb1 a4 16. Nc1 b3 17. cxb3 axb3 18. axb3 Qb8 19. Nf5 Bd8 20. Bc4 Bb6 21. Bxb6
Bxc4 22. bxc4 Nxb6 23. Qb4 Ra4 24. Qb3 Qa7 25. Ne7+ Kh8 26. Nc6 Qb7 27. Nb4 Nc7
28. Rxd6 Nxc4 29. Qxa4 Nxd6 30. Rd1 Ndb5 31. Rd7 Qc8 32. Re7 Qh3 33. Nd5 Nxd5
34. exd5 Qf5+ 35. Qe4 Qxg5 36. Qxe5 Qg6+ 37. Qe4 Qg1 38. Rxf7 Rb8 39. Qd3 Na3+
40. Ka2 Qxc1 41. Qxa3 Qc4+ 42. Kb1 1/2-1/2

[Event "Top16 Mulhouse2"]
[Site "Mulhouse"]
[Date "2009.05.01"]
[Round "5.8"]
[White "Muller, Anne"]
[Black "Skripchenko, Almira"]
[Result "0-1"]
[WhiteElo "2163"]
[BlackElo "2449"]
[PlyCount "108"]
[EventDate "1.??.??"]
[WhiteTeam "Mulhouse Philidor"]
[BlackTeam "Clichy"]

1. e4 c5 2. Nf3 Nc6 3. d4 cxd4 4. Nxd4 Qc7 5. Nc3 e6 6. Be3 Nf6 7. Bd3 a6 8.
O-O h5 9. h3 b5 10. Nxc6 Qxc6 11. a3 Bb7 12. Qe2 h4 13. Rfe1 Be7 14. Bd2 Rc8
15. Rad1 Bc5 16. Be3 e5 17. Bxc5 Qxc5 18. a4 b4 19. Nd5 Rh6 20. c4 Bxd5 21.
cxd5 Nh5 22. Qd2 Qd6 23. Rc1 Rb8 24. Bf1 Nf4 25. Rc4 Rg6 26. Kh1 Qe7 27. Rec1
Kd8 28. Qc2 Qd6 29. Rc8+ Ke7 30. Rxb8 Qxb8 31. Qc5+ Qd6 32. a5 f5 33. exf5 Rf6
34. Rc4 Nxd5 35. Qxd6+ Kxd6 36. Rxh4 Rxf5 37. Kg1 Rf8 38. Bxa6 Ra8 39. Bc4 Nf6
40. a6 Kc5 41. Be2 d5 42. g4 d4 43. g5 Nd5 44. Rh7 Nf4 45. Bf1 d3 46. Rxg7 Rxa6
47. Rc7+ Kd5 48. Rc1 Ke4 49. Rd1 Rd6 50. Bg2+ Kf5 51. h4 e4 52. Kh2 d2 53. Kg3
Ne2+ 54. Kh2 Nc3 0-1

[Event "Top16 Mulhouse2"]
[Site "Mulhouse"]
[Date "2009.05.01"]
[Round "5.3"]
[White "Gofshtein, Leonid"]
[Black "Fedorchuk, Sergey A"]
[Result "1/2-1/2"]
[WhiteElo "2533"]
[BlackElo "2656"]
[PlyCount "48"]
[EventDate "1.??.??"]
[WhiteTeam "Noyon"]
[BlackTeam "Evry Grand Roque"]

1. Nf3 Nf6 2. c4 b6 3. g3 Bb7 4. Bg2 e6 5. O-O Be7 6. Nc3 Ne4 7. Nxe4 Bxe4 8.
d3 Bb7 9. e4 O-O 10. Re1 c5 11. d4 cxd4 12. Nxd4 d6 13. Be3 a6 14. Rc1 Nd7 15.
Qd2 Rc8 16. b3 Qc7 17. Ne2 Qb8 18. Nc3 Ba8 19. a4 h6 20. Rb1 Rfd8 21. Bd4 Ne5
22. Qe3 Ng4 23. Qe2 Ne5 24. Qe3 Ng4 1/2-1/2

[Event "Top16 Mulhouse2"]
[Site "Mulhouse"]
[Date "2009.05.01"]
[Round "5.6"]
[White "Chabanon, Jean-Luc"]
[Black "Aguettaz, Maxime"]
[Result "1/2-1/2"]
[WhiteElo "2454"]
[BlackElo "2396"]
[PlyCount "38"]
[EventDate "1.??.??"]
[WhiteTeam "Evry Grand Roque"]
[BlackTeam "Noyon"]

1. d4 Nf6 2. c4 g6 3. Nf3 Bg7 4. g3 O-O 5. Bg2 d6 6. O-O Nbd7 7. Nc3 e5 8. e4
a6 9. Re1 Rb8 10. b3 b5 11. c5 Bb7 12. cxd6 cxd6 13. Ba3 exd4 14. Nxd4 Qb6 15.
Bb2 Rfc8 16. Qd2 Rc5 17. Nd5 Nxd5 18. exd5 Bxd5 19. Bxd5 Rxd5 1/2-1/2

[Event "Top16 Mulhouse2"]
[Site "Mulhouse"]
[Date "2009.05.01"]
[Round "5.7"]
[White "Clery, Nicolas"]
[Black "Feller, Sebastien"]
[Result "0-1"]
[WhiteElo "2389"]
[BlackElo "2539"]
[PlyCount "46"]
[EventDate "1.??.??"]
[WhiteTeam "Noyon"]
[BlackTeam "Evry Grand Roque"]

1. Nf3 Nf6 2. c4 e6 3. d4 d5 4. g3 dxc4 5. Bg2 Nc6 6. O-O Rb8 7. Nc3 a6 8. e4
b5 9. d5 Nb4 10. Qe2 Bc5 11. b3 Nd3 12. Be3 Bb4 13. Bd2 O-O 14. bxc4 bxc4 15.
dxe6 Bxe6 16. Rad1 Re8 17. e5 Bg4 18. Ne4 Rxe5 19. Nxe5 Bxe2 20. Nc6 Qe8 21.
Nxf6+ gxf6 22. Bxb4 Nxb4 23. Nxb8 Bxd1 0-1